000 00566nam a22001817a 4500
001 84633
003 BD-RjUL
005 20250202153457.0
008 250202s1952 pk ||||| |||| 00| 0 urd d
035 _a(BD-RjUL)84633
040 _aBD-RjUL
_beng
_cBD-RjUL
041 _aurd
082 _223
_a915.5
_bKHI 1952
245 _aایران جاگ اٹھا ;; Iran jag atha /
_cانعام اللہ خاں ;; Anamullah Khan
260 _aKarachi :کراچی
_b Urdu ekademi , اردو اکیڈمی سندھ،
_c1952
300 _aصفحات :118
_c18 cm
942 _2ddc
_cBK
999 _c84633
_d84633